Statistics for Regions of United Kingdom with Map

Click here to take the quiz!

General Stats

  • This quiz has been taken 1,351 times
  • The average score is 7 of 12

Answer Stats

Region% Correct
Scotland
96%
Northern Ireland
93%
Wales
92%
South West England
52%
Yorkshire and the Humber
50%
Greater London
49%
South East England
49%
North East England
48%
North West England
48%
West Midlands
44%
East Midlands
41%
East of England
40%

Score Distribution

Percentile by Number Answered

Percent of People with Each Score

Your Score History

You have not taken this quiz